00293 a2200133 450000100060000002000180000604000240002410000190004824000250006724500200009230000070011236200090011965000310012844494 a9788574167398 cAnchieta - Aquarius aSung, Hye Sook10aO livro do fogolpor10aO livro do fogo a360 a2012 4aLiteratura infanto-juvenil